00608 a2200169 4500003000500000005001700005010001600022020001500038040000900053082001700062100002200079245005400101260003900155300002600194505018900220650002900409Nust20221017115757.0 a 79024337 a0876302274 cNust00a616.8914,REI1 aReid, William H.,10aBasic intensive psychotherapy /cWilliam H. Reid. aNew York :bBrunner/Mazel,cc1980. axii, 131 p. ;c24 cm. aPrinciples and Goals (Page-3), The Participants (Page-17), The Therapeutic Setting (Page-31), Opening Phases of Treatment (Page-47), The Middle Phase (Page-67), Termination (Page-109). 0aIntensive psychotherapy.